000 00584nam a22002177a 4500
003 OSt
005 20220107122738.0
008 140421b xxu||||| |||| 00| 0 eng d
020 _a9788120346819
040 _cIIITM-K
082 _a518.0285M MOL/N
100 _aMoler, Cleve B
_94289
245 _aNumerical computing with Matlab
_cby Cleve B Moler
260 _aNew Delhi,
_bPHI Learning,
_c2004.
300 _axi, 336p.
650 _aMATHEMATICS
_94290
650 _aNUMRICAL ANALYSIS
_94291
650 _aNUMERICAL COMPUTING
_94292
651 _aMATLAB
_94293
942 _2ddc
_cBK
999 _c3892
_d3892